ARRUPE JESUIT UNIVERSITY

CORONAVIRUS -STOP THE SPREAD - CLEAN,DISINFECT,COVER

Liturgy and contemplation. (Record no. 121329)

MARC details
000 -LEADER
fixed length control field 00775cam a2200289I 4500
001 - CONTROL NUMBER
control field 4623839
003 - CONTROL NUMBER IDENTIFIER
control field ARRUPE
005 - DATE AND TIME OF LATEST TRANSACTION
control field 20141126145550.0
008 - FIXED-LENGTH DATA ELEMENTS--GENERAL INFORMATION
fixed length control field 720817s1960 nyu 000 0 eng c
010 ## - LIBRARY OF CONGRESS CONTROL NUMBER
LC control number 60007788
035 ## - SYSTEM CONTROL NUMBER
System control number (OCoLC)ocm00384297
035 ## - SYSTEM CONTROL NUMBER
System control number (NNC)4623839
040 ## - CATALOGING SOURCE
Original cataloging agency WSU
Transcribing agency WSU
Modifying agency OCL
041 1# - LANGUAGE CODE
Language code of text/sound track or separate title eng
Language code of original and/or intermediate translations of text fre
050 ## - LIBRARY OF CONGRESS CALL NUMBER
Classification number BV5091.C7
Item number M313
098 ## - OTHER CLASSIFICATION SCHEMES (OCLC)
Call number based on other classification scheme GS6
300 ## - PHYSICAL DESCRIPTION
Dimensions 21cm.
100 1# - MAIN ENTRY--PERSONAL NAME
Personal name Maritain, Jacques,
Dates associated with a name 1882-1973.
9 (RLIN) 1321
245 10 - TITLE STATEMENT
Title Liturgy and contemplation.
260 ## - PUBLICATION, DISTRIBUTION, ETC. (IMPRINT)
Place of publication, distribution, etc New York,
Name of publisher, distributor, etc P.J. Kenedy
Date of publication, distribution, etc [1960]
300 ## - PHYSICAL DESCRIPTION
Extent 96 p.;
504 ## - BIBLIOGRAPHY, ETC. NOTE
Bibliography, etc Includes bibliography.
610 20 - SUBJECT ADDED ENTRY--CORPORATE NAME
Corporate name or jurisdiction name as entry element Catholic Church
General subdivision Liturgy.
9 (RLIN) 12881
650 #0 - SUBJECT ADDED ENTRY--TOPICAL TERM
Topical term or geographic name as entry element Contemplation.
9 (RLIN) 7213
700 1# - ADDED ENTRY--PERSONAL NAME
Personal name Maritain, Raïssa,
Relator term author.
9 (RLIN) 12882
942 ## - ADDED ENTRY ELEMENTS (KOHA)
Source of classification or shelving scheme Library of Congress Classification
Koha item type Monograph ( Printed materials)
Holdings
Withdrawn status Lost status Source of classification or shelving scheme Damaged status Not for loan Collection code Home library Current library Shelving location Date acquired Total Checkouts Full call number Barcode Date last seen Price effective from Koha item type
    Library of Congress Classification     Main Collection ARRUPE LIBRARY ARRUPE LIBRARY Main Collection 26/11/2014   BV5091.C7 M313 46500001186 24/01/2017 26/11/2014 Monograph ( Printed materials)

 

Arrupe Library. PO Box MP320 Mt Pleasant, Harare, Zimbabwe
263 242 745411|librarian@aju.ac.zw